Wizards Player to Nickname - Statistics

General Stats
  • This quiz has been taken 7 times
  • The average score is 8 of 12
Answer Stats
Hint Answer % Correct
Saddiq Bey Diq
100%
Kyshawn George 3Shawn
83%
Bilal Coulibaly Bilalcatraz
83%
Khris Middleton Khash Money
83%
Jordan Poole _____ Party
83%
Bub Carrington Lil' ___'
67%
Cory Kispert Scorey _______
67%
Alex Sarr The Big Eiffel
67%
Malcolm Brogdon The President
67%
Justin Champaigne Baby Rodman
50%
Richaun Holmes Dunkman
50%
Marcus Smart The Cobra
0%
No matching quizzes found
Score Distribution
Percent of People with Each Score
Percentile by Number Answered
Your Score History
You have not taken this quiz